000 00623nam a2200193 i 4500
001 147024
003 ES-MaACL
005 20230906201754.0
007 t|
008 070920s1970 sp ||||1| spa d
100 1 _aTuriel, Pedro.
_9111705
245 1 0 _aUnamuno
_b: el pensador, el creyente, el hombre /
_cPedro Turiel.
260 _aMadrid :
_bCompañía Bibliográfica Española,
_c1970.
300 _a353 p. ;
_c25 cm.
600 1 4 _aUnamuno, Miguel de,
_d1864-1936-
_xBiografías
_9172375
710 2 _aCompañía Bibliográfica Española.
_9171207
852 _aES-MaACL
_jC-38043
999 _c147024
_d147024